Nitrates in cardiac anaesthesia : comparison between intravenous nitroglycerin and isosorbide dinitrate /

Hlavní autor: Muikku, Olli
Korporativní autor: Helsingin yliopisto
Jazyk: Angličtina
Vydáno: Helsinki : University of Helsinki, 1996
Témata:
Fyzický popis: 52, [38] s. : il. ; 25 cm
Knihy
Uloženo v:
LEADER 01170nam a2200325 a 4500
001 000364540
003 CZ BrMZK
005 20160915163503.0
007 ta
008 980115s1996 fi a f m eng d
020 |a 952-90-8187-1 
040 |a BOA001  |b cze 
072 7 |a 616  |x Patologie. Klinická medicína  |2 Konspekt  |9 14 
080 |a 616.1  |2 MRF 
080 |a (043.3)  |2 MRF 
100 1 |a Muikku, Olli  |4 dis 
245 1 0 |a Nitrates in cardiac anaesthesia :  |b comparison between intravenous nitroglycerin and isosorbide dinitrate /  |c Olli Muikku 
260 |a Helsinki :  |b University of Helsinki,  |c 1996 
300 |a 52, [38] s. :  |b il. ;  |c 25 cm 
502 |a Disertace--Helsingin yliopisto, 1996 
504 |a Obsahuje bibliografii 
541 |a Helsinki, University Library 
650 0 7 |a kardiovaskulární nemoci  |7 ph121469  |2 czenas 
653 0 |a nitráty  |a nitroglycerin 
655 7 |a disertace  |7 fd132024  |2 czenas 
710 2 |a Helsingin yliopisto  |7 kn20020322333 
710 2 |a Helsingin yliopisto  |7 kn20020322333 
910 |a BOA001  |b M3-1050.953 
990 |a BK 
996 7 |b 2610080016  |c M3-1050.953  |l MZK  |r Sklad / do 24 hodin  |n 0  |p vým  |w 000364540  |u 000010  |a 1  |e BOA001  |j MZK50  |s A